Medical Robotics

This book provides a thorough background to the emerging field of medical robotics. It covers the mathematics needed to understand the use of robotic devices in medicine, including but not limited to robot kinematics, hand-eye and robot-world calibration, reconstruction, registration, motion plannin...

Full description

Bibliographic Details
Main Authors: Schweikard, Achim (Author), Ernst, Floris (Author)
Corporate Author: SpringerLink (Online service)
Format: Electronic eBook
Language:English
Published: Cham : Springer International Publishing : Imprint: Springer, 2015.
Edition:1st ed. 2015.
Subjects:
Online Access:Full Text via HEAL-Link
LEADER 02979nam a22005175i 4500
001 978-3-319-22891-4
003 DE-He213
005 20151123152239.0
007 cr nn 008mamaa
008 151008s2015 gw | s |||| 0|eng d
020 |a 9783319228914  |9 978-3-319-22891-4 
024 7 |a 10.1007/978-3-319-22891-4  |2 doi 
040 |d GrThAP 
050 4 |a Q334-342 
050 4 |a TJ210.2-211.495 
072 7 |a UYQ  |2 bicssc 
072 7 |a TJFM1  |2 bicssc 
072 7 |a COM004000  |2 bisacsh 
082 0 4 |a 006.3  |2 23 
100 1 |a Schweikard, Achim.  |e author. 
245 1 0 |a Medical Robotics  |h [electronic resource] /  |c by Achim Schweikard, Floris Ernst. 
250 |a 1st ed. 2015. 
264 1 |a Cham :  |b Springer International Publishing :  |b Imprint: Springer,  |c 2015. 
300 |a XIII, 424 p. 204 illus., 11 illus. in color.  |b online resource. 
336 |a text  |b txt  |2 rdacontent 
337 |a computer  |b c  |2 rdamedia 
338 |a online resource  |b cr  |2 rdacarrier 
347 |a text file  |b PDF  |2 rda 
505 0 |a Introduction -- Describing Spatial Position and Orientation -- Robot Kinematics -- Joint Velocities and Jacobi-Matrices -- Navigation and Registration -- Treatment Planning -- Motion Correlation and Tracking -- Motion Prediction -- Motion Replication -- Applications of Surgical Robotics -- Rehabilitation, Neuroprosthetics and Brain-Machine Interfaces. 
520 |a This book provides a thorough background to the emerging field of medical robotics. It covers the mathematics needed to understand the use of robotic devices in medicine, including but not limited to robot kinematics, hand-eye and robot-world calibration, reconstruction, registration, motion planning, motion prediction, motion correlation, motion replication and motion learning. Additionally, basic methods behind state-of-the art robots like the DaVinci system, the CyberKnife, motorized C-arms and operating microscopes as well as stereotactic frames are presented. The book is a text book for undergraduates in computer science and engineering. The main idea of the book is to motivate the methods in robotics in medical applications rather than industrial applications. The book then follows the standard path for a robotics textbook. It is thus suitable for a first course in robotics for undergraduates. It is the first textbook on medical robotics. 
650 0 |a Computer science. 
650 0 |a Surgical oncology. 
650 0 |a Artificial intelligence. 
650 0 |a Robotics. 
650 0 |a Automation. 
650 1 4 |a Computer Science. 
650 2 4 |a Artificial Intelligence (incl. Robotics). 
650 2 4 |a Robotics and Automation. 
650 2 4 |a Surgical Oncology. 
700 1 |a Ernst, Floris.  |e author. 
710 2 |a SpringerLink (Online service) 
773 0 |t Springer eBooks 
776 0 8 |i Printed edition:  |z 9783319228907 
856 4 0 |u http://dx.doi.org/10.1007/978-3-319-22891-4  |z Full Text via HEAL-Link 
912 |a ZDB-2-SCS 
950 |a Computer Science (Springer-11645)